000 00247nam a2200097Ia 4500
082 _aEJF LEWI
245 0 _aTrevor's boat hunt
100 _a LEWIS, Rob London, 2003
_998591
942 _cBK
008 210817s9999 xx 000 0 und d
999 _c418668
_d418667